00409nam a2200181Ia 4500008004100000020001800041050001400059100001800073245002200091245002100113260001500134260001600149260000900165300001500174300002000189300001000209500000800219170918s9999 xx 000 0 und d a9780439362214 bB851 1997 aBridges, Ruby aThrough my eyes / cby Ruby Bridges. aNew York : bScholastic, c1997 a63 pages : billustrations ; c20cm. a860